[Event "IM Not A GM Speed Chess"]
[Site "Chess.com INT"]
[Date "2020.04.18"]
[Round "1.26"]
[White "Pruess, David"]
[Black "Bartholomew, John"]
[Result "0-1"]
[WhiteElo "2336"]
[BlackElo "2446"]
[PlyCount "70"]
[EventDate "2020.04.18"]
[EventType "k.o. (blitz)"]
[EventRounds "4"]
[EventCountry "USA"]
[SourceTitle "CBM 195 Extra"]
[Source "ChessBase"]
[SourceDate "2020.05.31"]
[SourceVersion "1"]
[SourceVersionDate "2020.05.31"]
[SourceQuality "1"]

1. e4 c5 2. Nf3 d6 3. d4 cxd4 4. Nxd4 Nf6 5. Nc3 Nc6 6. Bg5 e6 7. Qd2 a6 8. 0-0-0 Bd7 9. f3 h6 10. Be3 b5 11. Nxc6 Bxc6 12. Ne2 Nd7 13. Nd4 Bb7 14. Kb1 Qc7 15. Rc1 Ne5 16. Nb3 Nc4 17. Bxc4 bxc4 18. Na5 Be7 19. Rcd1 0-0 20. Bd4 Bg5 21. Qe1 Rab8 22. h4 Bf6 23. Bxf6 gxf6 24. g4 c3 25. g5 Qxa5 26. gxf6 Kh7 27. Rg1 Rg8 28. Rg7+ Rxg7 29. fxg7 Qb4 30. b3 Rc8 31. Qe3 Qa3 32. g8Q+ Kxg8 33. Rg1+ Kh7 34. Qc1 Qxc1+ 35. Kxc1 Rg8 0-1

[Event "USA tt"]
[Site "ICC INT"]
[Date "2015.09.30"]
[Round "6"]
[White "Banawa, Joel Cholo"]
[Black "Pruess, David"]
[Result "1-0"]
[WhiteElo "2359"]
[BlackElo "2350"]
[PlyCount "65"]
[EventDate "2015.08.25"]
[EventType "team-swiss"]
[EventRounds "10"]
[EventCountry "USA"]
[SourceTitle "EXT 2017"]
[Source "ChessBase"]
[SourceDate "2016.10.25"]
[SourceVersion "1"]
[SourceVersionDate "2016.10.25"]
[SourceQuality "1"]
[WhiteTeam "Arizona"]
[BlackTeam "San Francisco"]
[WhiteTeamCountry "USA"]
[BlackTeamCountry "USA"]

1. d4 d5 2. Bf4 Nf6 3. e3 c5 4. c3 Qb6 5. Qb3 c4 6. Qc2 Nc6 7. Nd2 Bg4 8. h3 Bh5 9. Ngf3 Bg6 10. Qc1 e6 11. Be2 Qa5 12. 0-0 b5 13. a3 Be7 14. Re1 0-0 15. Bd1 Ne4 16. Nxe4 Bxe4 17. Nd2 Bd3 18. e4 f5 19. exd5 exd5 20. Bc2 Bxc2 21. Qxc2 g5 22. Re6 Rac8 23. Bd6 Qd8 24. Bxe7 Nxe7 25. Rae1 Ng6 26. g3 Rb8 27. Nf3 Rb6 28. Rxb6 axb6 29. Re6 Kg7 30. Qe2 Rf7 31. Kf1 Nf8 32. Qe5+ Kg8 33. Rd6 1-0

[Event "USA tt"]
[Site "ICC INT"]
[Date "2014.09.16"]
[Round "4"]
[White "Pruess, David"]
[Black "Xiong, Jeffery"]
[Result "0-1"]
[WhiteElo "2347"]
[BlackElo "2442"]
[PlyCount "84"]
[EventDate "2014.08.26"]
[EventType "team-tourn"]
[EventRounds "10"]
[EventCountry "USA"]
[SourceTitle "CBM 162 Extra"]
[Source "ChessBase"]
[SourceDate "2014.10.17"]
[SourceVersion "1"]
[SourceVersionDate "2014.10.17"]
[SourceQuality "1"]
[WhiteTeam "San Francisco"]
[BlackTeam "Dallas"]
[WhiteTeamCountry "USA"]
[BlackTeamCountry "USA"]

1. d4 Nf6 2. c4 g6 3. g3 c6 4. Bg2 d5 5. Nf3 Bg7 6. 0-0 0-0 7. Qb3 dxc4 8. Qxc4 Bf5 9. Qb3 Qb6 10. Qxb6 axb6 11. a3 b5 12. Bd2 Nbd7 13. Nc3 Nb6 14. Ne5 Ng4 15. Nxg4 Bxg4 16. h3 Be6 17. e3 f5 18. Ne2 Rfd8 19. Bb4 Kf7 20. Nf4 Bc4 21. Rfd1 Na4 22. Rab1 Bb3 23. Rd2 e5 24. Ne2 Bd5 25. Bxd5+ Rxd5 26. b3 Nb6 27. Bc5 Nd7 28. Nc3 Nxc5 29. Nxd5 Ne4 30. Rc2 cxd5 31. Rc7+ Kg8 32. dxe5 Bxe5 33. Rxb7 Rxa3 34. Kg2 Ra2 35. Rc1 Bc3 36. Rxb5 Nxf2 37. Kf1 Ne4 38. Rd1 Nxg3+ 39. Kg1 Bd2 40. Kg2 Ne4 41. Rxd5 Bxe3+ 42. Kf3 Bg5 0-1